000 00789nam a22001935i 4500
001 169320
003 ES-MaACL
005 20231216062910.0
008 080901s1992 sp |||| | spa d
080 _a970/980
100 1 _aPérez de Tudela y Bueso, Juan,
_d1922-2004
_990810
245 1 4 _aLos Reyes Católicos y la oferta de Cristobal Colón
_b: apunte introductorio a una historia tergiversada acerca de un horizonte de encubrimientos /
_cJuan Pérez de Tudela y Bueso.
260 _aMadrid :
_bEditorial Complutense,
_c1992.
300 _aP. [9]-46 ;
_c24 cm.
595 _aSeparata de: Cuadernos de Historia Moderna nº 13 (1992)
651 4 _aAmérica-
_xDescubrimientos y exploraciones.
_97694
852 _aES-MaACL
_j2233-F-19
_9R.142409
999 _c169320
_d169320